| 000 | 00641nam a22002177i 4500 | ||
|---|---|---|---|
| 999 |
_c22866 _d22866 |
||
| 003 | AR-CdUCM | ||
| 008 | 240507b20182018 pe||||| |||| 00| 0 spa d | ||
| 020 | _a | ||
| 040 |
_aMUNICIPALIDAD PROVINCIAL DEL CUSCO _cBIBLIOTECA MUNICIPAL DEL CUSCO |
||
| 082 |
_a869.56 / Z38R _bZ38R |
||
| 100 |
_aZárate Agama, Rubén Alex. _949676 |
||
| 245 | _aRetorno al pasado / | ||
| 260 |
_aCusco: _bDorothi, _c2018 |
||
| 300 |
_a84 páginas. : _c20 cm. |
||
| 650 |
_aRetorno al pasado _949704 |
||
| 650 |
_aDe mi invierno _949705 |
||
| 650 |
_aEl poeta triste _949706 |
||
| 650 |
_aOllantay _912391 |
||
| 942 |
_2ddc _cLIBROS |
||
| 945 |
_apbj _d2024-05-07 |
||